Top Songs of 2025 - Statistics

General Stats
  • This quiz has been taken 44 times
  • The average score is 6 of 9
Answer Stats
Artist Song % Correct
Rose & Bruno Mars APT
84%
Lady Gaga & Bruno Mars Die With a Smile
84%
Alex Warren Ordinary
84%
Sabrina Carpenter Espresso
71%
Benson Boone Beautiful Things
68%
Billie Eilish BIRDS OF A FEATHER
58%
Kendrick Lamar Not Like Us
55%
Gracie Abrams That's So True
45%
Bad Bunny DtMF
39%
No matching quizzes found
Score Distribution
Percent of People with Each Score
Percentile by Number Answered
Your Score History
You have not taken this quiz